100 największych miast w Ameryce Północnej na mapie - Statystyki

Ogólne statystyki
  • Ten quiz został rozwiązany 1 489 razy
  • Średni wynik to 37 z 100
Odpowiedzi na mapie
Odpowiedzi zakodowano w zielono-czerwonej skali na mapie do tego quizu, zgodnie z poniższymi procentami.
 
Statystyki odpowiedzi
Populacja Miasto % Poprawnych
22,4 mln Nowy Jork
97%
17,8 mln Los Angeles
93%
9,75 mln Chicago
91%
22,8 mln Meksyk
91%
6,35 mln Miami
91%
8,55 mln Waszyngton
90%
1,23 mln Ottawa
86%
7,35 mln Toronto
85%
7,85 mln San Francisco
84%
7,65 mln Boston
79%
2,23 mln Hawana
77%
7,10 mln Dallas
75%
2,75 mln Vancouver
75%
2,25 mln Las Vegas
74%
4,38 mln Seattle
73%
6,60 mln Houston
70%
5,70 mln Detroit
67%
1,51 mln Panama
67%
5,28 mln Tijuana - San Diego
67%
4,25 mln Montreal
66%
5,80 mln Atlanta
65%
7,35 mln Filadelfia
65%
3,70 mln Denver
60%
2,35 mln San José
59%
4,58 mln Phoenix
57%
3,90 mln Santo Domingo
54%
1,02 mln Nowy Orlean
53%
5,25 mln Guadalajara
52%
3,13 mln Port-au-Prince
52%
3,15 mln Gwatemala
51%
1,92 mln Austin
50%
2,40 mln Portland
49%
3,38 mln Orlando
47%
2,43 mln Salt Lake City
47%
2,18 mln San Antonio
47%
3,15 mln Minneapolis
45%
1,36 mln Edmonton
44%
2,08 mln Sacramento
44%
1,98 mln Indianapolis
43%
1,98 mln Kansas City
43%
1,51 mln Calgary
42%
4,93 mln Monterrey
41%
1,87 mln San Salvador
41%
4,30 mln Tampa
41%
1,14 mln Tegucigalpa
39%
1,14 mln Oklahoma City
37%
2,50 mln El Paso - Juárez
35%
1,42 mln Jacksonville
35%
2,43 mln Charlotte
34%
3,08 mln Cleveland
33%
1,32 mln Managua
33%
1,55 mln Milwaukee
30%
2,03 mln San Juan
30%
1,15 mln Memphis
29%
1,46 mln Nashville
29%
0,76 mln Cancún
27%
1,73 mln Columbus
27%
2,35 mln Saint Louis
27%
2,05 mln Pittsburgh
26%
2,78 mln Cincinnati
24%
1,35 mln Buffalo
20%
0,89 mln Acapulco
19%
3,13 mln Puebla
19%
1,06 mln Richmond
19%
1,06 mln Louisville
17%
0,92 mln Chihuahua
15%
1,13 mln Mérida
15%
0,84 mln Tucson
15%
1,19 mln Providence
14%
0,75 mln Birmingham
13%
1,91 mln León
13%
1,61 mln Virginia Beach
13%
1,63 mln Raleigh
12%
1,69 mln Hartford
9%
1,04 mln Mexicali
9%
2,28 mln Toluca
9%
1,11 mln Greensboro
8%
0,78 mln Laredo - Nuevo Laredo
8%
0,92 mln Veracruz
8%
1,33 mln Harrisburg
7%
0,88 mln Hermosillo
7%
1,14 mln Matamoros - Brownsville
7%
1,50 mln Reynosa - McAllen
7%
1,21 mln San Luis Potosí
7%
1,18 mln San Pedro Sula
7%
1,25 mln Stockton
7%
1,07 mln Cape Coral
6%
1,19 mln Melbourne
6%
1,40 mln Querétaro
6%
1,14 mln Aguascalientes
5%
0,92 mln Bridgeport
5%
0,91 mln Culiacán
5%
0,92 mln Saltillo
5%
1,35 mln Torreón
5%
1,04 mln Cuernavaca
4%
0,91 mln Morelia
4%
0,92 mln Tampico
4%
0,82 mln Villahermosa
4%
0,81 mln Tuxtla Gutiérrez
3%
0,77 mln Xalapa
3%
Nie znaleziono quizów pasujących do podanych kryteriów
Rozkład punktacji
Procent ludzi z każdym wynikiem
Percentyl według liczby udzielonych odpowiedzi
Twoja historia wyników
Nie rozwiązałeś tego quizu